| 000 | 02384nam0a2200349 4500 | ||
|---|---|---|---|
| 001 | RU\NLR\BIBL_A\011959634 | ||
| 005 | 20190408155048.0 | ||
| 010 |
_a978-5-7996-2460-6 _940 |
||
| 021 |
_aRU _bКН-П-19-010351 _9КН-П-19-0762 |
||
| 035 | _a(NLR Aleph) 011959634 | ||
| 035 | _a(RuMoRGB)009895768 | ||
| 090 |
_a11196428 _c11196428 |
||
| 100 | _a20190313d2018 u y0rusy50 ca | ||
| 101 | 0 | _arus | |
| 102 | _aRU | ||
| 105 | _ay|||z|||000zy | ||
| 200 | 1 |
_aФеномен российского литературно-художественного журнала _eучебное пособие _eдля студентов вуза, обучающихся по направлениям подготовки 45.04.01 "Филология", 42.04.02 "Журналистика" _fТ. А. Снигирева, А. В. Подчиненов _gМинистерство науки и высшего образования Российской Федерации, Уральский федеральный университет имени первого Президента России Б. Н. Ельцина, [Уральский гуманитарный институт] |
|
| 210 |
_aЕкатеринбург _cИзд-во Уральского университета _d2018 |
||
| 215 |
_a140, [1] с. _d20 |
||
| 320 | _aБиблиогр.: с. 136-139 и в подстроч. примеч. | ||
| 606 | 1 |
_aЛитературно-художественные журналы _yРоссийская Федерация _jУчебные издания для высших учебных заведений _2nlr_sh2 _3RU\NLR\AUTH\6601539946 |
|
| 606 | 1 |
_aРусская литература _z21 в. _xи журналистика _jУчебные издания для высших учебных заведений _2nlr_sh2 _3RU\NLR\AUTH\6601626016 |
|
| 610 | 0 | _aлитературно-художественный журнал - Россия | |
| 686 | 1 |
_aЧ612.4(2Р)723я73 _bШ |
|
| 686 | 1 | _aШ5(2=Р)8-319 | |
| 700 | 1 |
_aСнигирева _bТ. А. _cд-р филол. наук _f1954- _gТатьяна Александровна _3RU\NLR\AUTH\770164951 |
|
| 701 | 1 |
_aПодчиненов _bА. В. _gАлексей Васильевич |
|
| 942 | _cBOOK | ||
| 980 | _aNBR | ||
| 980 | _aNB | ||